Avengers Infinity War Deaths - Statistics

General Stats
  • This quiz has been taken 45,308 times
    45,246 since last reset
  • The average score is 12 of 20
Answer Stats
Cause of Death Character % Correct
Thanos’ snap Spider-Man
93%
Thrown off a cliff Gamora
87%
Killed by Scarlet Witch and Thanos Vision
85%
Strangled by Thanos Loki
84%
Thanos’ snap Black Panther
82%
Thanos’ snap Star Lord
76%
Thanos’ snap Groot
74%
Thanos’ snap Doctor Strange
71%
Thanos’ snap Winter Soldier
68%
Thanos’ snap Drax
67%
Thanos’ snap Scarlet Witch
64%
Thanos’ snap Falcon
59%
Thanos’ snap Mantis
56%
Stabbed by Thanos Heimdall
49%
Thanos’ snap Nick Fury
43%
Sucked into space Ebony Maw
35%
Thanos’ snap Maria Hill
29%
Crushed by machine Proxima Midnight
25%
Stabbed by Vision Corvus Glaive
21%
Killed by Bruce Banner Cull Obsidian
20%
No matching quizzes found
Score Distribution
Percent of People with Each Score
Percentile by Number Answered
Your Score History
You have not taken this quiz since the last reset